[Event "Krasnodar op"]
[Site "Krasnodar"]
[Date "1996.??.??"]
[Round "10"]
[White "Koniushkov, Igor"]
[Black "Zakharov, Alexander S"]
[Result "1/2-1/2"]
[WhiteElo "2280"]
[BlackElo "2300"]

1.d4 d5 2.c4 c6 3.Nf3 Nf6 4.Nc3 dxc4 5.a4 Bf5 6.Ne5 e6 7.f3 Bb4 8.e4 Bxe4
9.fxe4 Nxe4 10.Bd2 Qxd4 11.Nxe4 Qxe4+ 12.Qe2 Bxd2+ 13.Kxd2 Qd5+ 14.Kc2 Na6
15.Nxc4 O-O-O 16.Qe3 c5 17.Be2 Nb4+ 18.Kb3 Nc6 19.Kc3 Nd4 20.Bf3 Qd7 21.Rhd1 Qe7
22.a5 Rd7 23.b3 f6 24.Kb2 Rhd8 25.a6 b5 26.Na5 f5 27.Rac1 e5 28.Bb7+ Kc7
29.Rxc5+ Qxc5 30.Rc1 Qxc1+ 31.Qxc1+ Kb6 32.b4 Rc7 33.Nc6 Rxc6 34.Bxc6 Nxc6
35.Qc5+ Kc7 36.Qxb5 Rb8 37.Qd5 Rxb4+ 38.Kc3 Rd4 39.Qf7+ Rd7 40.Qxf5 h6 41.Kc4 Re7
42.Qe4 Re6 43.Kd5 Re7 44.Kc5 Re6 45.Qg4 Kd7 46.Qxg7+ Ne7 47.Kc4 Rc6+ 48.Kd3 Rd6+
49.Ke4 Rxa6 50.Kxe5 Rg6 51.Qh8 Rg5+ 52.Ke4 h5 53.Qd4+ Ke8 54.Qxa7 Rxg2 55.Qb8+ Kf7
56.Qb3+ Kg7 57.Qc3+ Kg8 58.Qh3 Rg4+ 59.Ke5 Rg6 60.Qxh5 Kg7 61.h4 Ng8 62.Qf3 Rh6  1/2-1/2

[Event "Las Palmas op"]
[Site "Las Palmas"]
[Date "1996.??.??"]
[Round "7"]
[White "Pogorelov, Ruslan"]
[Black "Galvan, Jose Luis"]
[Result "1-0"]
[WhiteElo "2450"]
[BlackElo "2220"]

1.Nf3 d5 2.d4 Nf6 3.c4 c6 4.Nc3 dxc4 5.a4 Bf5 6.e3 e6 7.Bxc4 Nbd7 8.Qe2 Be7
9.O-O Nb6 10.Bb3 Nbd5 11.Ne5 Qb6 12.Bc4 a5 13.g4 Bg6 14.e4 Nxc3 15.bxc3 Nxe4
16.Nxg6 Nxc3 17.Qd3 hxg6 18.Qxc3 Bf6 19.Be3 O-O-O 20.Rad1 Rh3 21.f3 Qc7 22.Qc2 Rdh8
23.Rd2 Be7 24.Kh1 Bd6 25.Bg1 Bf4 26.Rg2 Kb8 27.Rb1 Kc8 28.Rb3 Qe7 29.Ba6 bxa6
30.Qxc6+ Bc7 31.Rgb2 Rxh2+ 32.Bxh2  1-0

[Event "SWE-chB1"]
[Site "Linkoping"]
[Date "1996.??.??"]
[Round "?"]
[White "Wikstrom, Per"]
[Black "Eklund, Lars Goran"]
[Result "1-0"]
[WhiteElo "2130"]
[BlackElo "2320"]

1.d4 d5 2.c4 c6 3.Nf3 Nf6 4.Nc3 dxc4 5.a4 Bf5 6.Nh4 Bc8 7.Nf3 Bf5 8.Nh4 Bd7
9.g3 e6 10.Bg2 Be7 11.Nf3 O-O 12.Ne5 a5 13.O-O Ra7 14.Nxc4 b5 15.Ne5 b4 16.Nb1 Qc7
17.e4 c5 18.Bf4 Qc8 19.Be3 Nc6 20.Nxc6 Bxc6 21.Qc2 Qa8 22.Nd2 cxd4 23.Bxd4 Rd7
24.Be3 Ng4 25.Nc4 Nxe3 26.Nxe3 Rc8 27.Rfd1 Rdc7 28.Qd3 Bf6 29.e5 Bxe5 30.Nc4 Rd7
31.Qxd7  1-0

[Event "Litomysl op"]
[Site "Litomysl"]
[Date "1996.??.??"]
[Round "3"]
[White "Shtyrenkov, Veniamen"]
[Black "Ulak, Slawomir"]
[Result "1-0"]
[WhiteElo "2450"]
[BlackElo "2310"]

1.d4 d5 2.c4 c6 3.Nf3 Nf6 4.Nc3 dxc4 5.a4 Bf5 6.e3 e6 7.Bxc4 Bb4 8.O-O Nbd7
9.Qe2 Bg4 10.h3 Bxf3 11.Qxf3 O-O 12.Rd1 Rc8 13.Bf1 e5 14.Na2 Bd6 15.Bd2 e4
16.Qe2 Bb8 17.Be1 Nd5 18.Nc3 N7f6 19.g3 Re8 20.Nxd5 Qxd5 21.Rac1 Bd6 22.b4 h5
23.Bg2 h4 24.gxh4 Kh8 25.b5 g5 26.bxc6 bxc6 27.h5 g4 28.hxg4 Qg5 29.f4 exf3
30.Bxf3 Rxe3 31.Bd2 Bf4 32.Qg2 Ra3 33.Rc5 Be3+ 34.Kf1 Qf4 35.Rf5 Qd6 36.g5 Nd7
37.d5 Bxd2 38.Qxd2 Ne5 39.Qb2 Kg8 40.Qxe5 Rxf3+ 41.Kg2 Qxe5 42.Rxe5 Rb3 43.d6 Rbb8
44.d7 Rd8 45.Re7 Kg7 46.Rf1  1-0

[Event "Litomysl op"]
[Site "Litomysl"]
[Date "1996.??.??"]
[Round "7"]
[White "Hanko, Pavel"]
[Black "Ulak, Slawomir"]
[Result "0-1"]
[WhiteElo "2230"]
[BlackElo "2310"]

1.d4 d5 2.Nf3 Nf6 3.c4 c6 4.Nc3 dxc4 5.a4 Bf5 6.Ne5 e6 7.f3 Bb4 8.Bg5 h6
9.Bxf6 Qxf6 10.e4 Bh7 11.Bxc4 O-O 12.Ng4 Qe7 13.O-O Rd8 14.Ne3 Bc5 15.Ne2 e5
16.Nc2 exd4 17.Bd3 a5 18.Qd2 Nd7 19.Rfd1 Ne5 20.Kh1 b6 21.Na3 Bxa3 22.Rxa3 c5
23.Bb5 f5 24.Nf4 fxe4 25.fxe4 Rf8 26.Nd5 Qh4 27.Rh3 Qxh3 28.gxh3 Bxe4+ 29.Qg2 Bxg2+
30.Kxg2 Rad8 31.Nxb6 Rd6 32.Nc4 Rg6+ 33.Kh1 Nd3  0-1

[Event "Litomysl op"]
[Site "Litomysl"]
[Date "1996.??.??"]
[Round "7"]
[White "Krivoshey, Sergei"]
[Black "Milov, Leonid"]
[Result "1-0"]
[WhiteElo "2425"]
[BlackElo "2450"]

1.Nf3 d5 2.d4 Nf6 3.c4 c6 4.Nc3 dxc4 5.a4 Bf5 6.Nh4 Bd7 7.e4 e6 8.Nf3 Bb4
9.Qc2 c5 10.d5 exd5 11.exd5 Nxd5 12.Bxc4 Bxc3+ 13.bxc3 Qe7+ 14.Be2 O-O 15.O-O Qf6
16.Ng5 Bf5 17.Bd3 Bg6 18.Nxh7 Kxh7 19.f4 Kg8 20.f5 Bh5 21.h3 Nc6 22.g4 Qh4
23.Qg2 Ne5 24.gxh5 Nxd3 25.Bg5 Qxh5 26.Rf3 Ne5 27.Rg3 f6 28.Qxd5+ Rf7 29.Bxf6 Kh7
30.Bxe5  1-0

[Event "Wch U18"]
[Site "Menorca"]
[Date "1996.??.??"]
[Round "7"]
[White "Naumann, Alexander"]
[Black "Rzaev, Rauf"]
[Result "1-0"]
[WhiteElo "2365"]
[BlackElo "2225"]

1.d4 d5 2.c4 c6 3.Nf3 Nf6 4.Nc3 dxc4 5.a4 Bf5 6.Ne5 Na6 7.e3 e6 8.Bxc4 Nc7
9.O-O Be7 10.Qe2 Bg6 11.Rd1 Bh5 12.f3 O-O 13.e4 Nd7 14.Be3 Bd6 15.Nd3 Qb8
16.Nf4 Bg6 17.h4 Bxf4 18.Bxf4 Re8 19.g4 h5 20.Qh2 e5 21.dxe5 Nb6 22.Bb3 Ne6
23.a5 Nc8 24.Be3 Nf8 25.f4 hxg4 26.f5 Bh5 27.Bf4 Qc7 28.Ne2 g3 29.Qxg3 Rd8
30.Rxd8 Qxd8 31.Bg5 Ne7 32.Bf6  1-0

[Event "BLR-ch Minsk"]
[Site "Minsk"]
[Date "1996.??.??"]
[Round "1"]
[White "Tihonov, Jurij"]
[Black "Korneevets, Alexander"]
[Result "1-0"]
[WhiteElo "2365"]
[BlackElo "2325"]

1.d4 d5 2.c4 c6 3.Nf3 Nf6 4.Nc3 dxc4 5.a4 Bf5 6.e3 e6 7.Bxc4 Bb4 8.O-O Nbd7
9.Qe2 Bg6 10.e4 Bxc3 11.bxc3 Nxe4 12.Ba3 Qc7 13.Rfe1 O-O-O 14.Qb2 Rhe8 15.a5 e5
16.Bf1 a6 17.Rab1 exd4 18.cxd4 Ndf6 19.Ne5 Nd5 20.Rbc1 Re6 21.f3 Nef6 22.Rc5 Ne7
23.Rec1 Nd7 24.Nc4 Kb8 25.Rg5 Nf6 26.Nb6 Ned5 27.Bc5 Ne3 28.Bxa6 bxa6 29.d5 Nexd5
30.Nxd5+ Qb7 31.Nb6 Rde8 32.Qf2 Qc7 33.Rxg6 Re2 34.Qg3 Qxg3 35.Rxg3 g6 36.Bf2 Ra2
37.Rg5 Ree2 38.Bd4 h6 39.Re5 Rxg2+ 40.Kf1 Rxh2 41.Rxc6 Ng8 42.Rc8+ Kb7  1-0

[Event "Minsk op"]
[Site "Minsk"]
[Date "1996.??.??"]
[Round "5"]
[White "Tihonov, Jurij"]
[Black "Bezgodov, Alexei"]
[Result "1-0"]
[WhiteElo "2365"]
[BlackElo "2485"]

1.d4 d5 2.c4 c6 3.Nf3 Nf6 4.Nc3 dxc4 5.a4 Bf5 6.e3 e6 7.Bxc4 Bb4 8.O-O O-O
9.Qe2 Nbd7 10.e4 Bg6 11.Bd3 Bh5 12.Bf4 Re8 13.e5 Nd5 14.Nxd5 exd5 15.Qc2 Bxf3
16.gxf3 Nf8 17.Be3 Qh4 18.Kh1 Ne6 19.Rg1 g6 20.Rg4 Qh3 21.Rg3 Qh4 22.Rag1 Nxd4
23.Qb1 Ne6 24.f4 Bf8 25.f5 Ng7 26.f6 Nh5 27.Rg4 Qh3 28.Qd1 Rxe5 29.Bf1 Qxg4
30.Qxg4 Bd6 31.Qd7 Re6 32.Bh3 Nxf6 33.Qxb7  1-0

[Event "Minsk op"]
[Site "Minsk"]
[Date "1996.??.??"]
[Round "7"]
[White "Litvinov, Vladimir"]
[Black "Kuporosov, Viktor"]
[Result "1/2-1/2"]
[WhiteElo "2370"]
[BlackElo "2505"]

1.d4 Nf6 2.c4 c6 3.Nc3 d5 4.Nf3 dxc4 5.a4 Bf5 6.e3 e6 7.Bxc4 Bb4 8.O-O O-O
9.Qe2 Bg6 10.Ne5 Nbd7 11.Nxg6 hxg6 12.Rd1 Qa5 13.e4 e5 14.d5 Nb6 15.Bb3 Rad8
16.Bg5 Bxc3 17.bxc3 cxd5 18.Qb5 Qxb5 19.axb5 Rc8 20.Bxd5 Nbxd5 21.exd5 Rxc3
22.Rxa7 Rd8 23.d6 Rb3 24.Rxb7 Rxd6 25.Ra1 Ra3 26.Rb8+ Kh7 27.Re1 Nd5 28.Bd8 Rb3
29.g3 f6 30.h4 Nc3 31.b6 Rd2 32.Bc7 Ne2+ 33.Kf1 Nxg3+  1/2-1/2

[Event "Mislata op 5th"]
[Site "Mislata"]
[Date "1996.??.??"]
[Round "6"]
[White "Sospedra Sebastian, Juan"]
[Black "Fos Santacreu, Juan Andres"]
[Result "1/2-1/2"]
[WhiteElo "2270"]
[BlackElo "2225"]

1.Nf3 d5 2.d4 Nf6 3.c4 c6 4.Nc3 dxc4 5.a4 Bf5 6.e3 e6 7.Bxc4 Bb4 8.O-O O-O
9.h3 Nbd7 10.Nh4 Nb6 11.Bb3 Be4 12.Nxe4 Nxe4 13.Nf3 Nd5 14.Bc2 f5 15.Nd2 Bxd2
16.Bxd2 Nxd2 17.Qxd2 Qh4 18.Rae1 Rf6 19.Kh2 Raf8 20.g3 Qh5 21.Bd1 Qf7 22.Bf3 Kh8
23.Bg2 g5 24.e4 fxe4 25.Qxg5 Rf5 26.Qh4 e3 27.f4 Rg8 28.g4 Rxf4 29.Qg3 e2
30.Rg1 Rxd4 31.Qe5+ Qg7 32.Rxe2 Qxe5+ 33.Rxe5 Rxa4 34.Rxe6 Nf4 35.Re7 Nxg2
36.Rxg2 Rb4 37.Rd2 h6 38.Rdd7 Rxb2+ 39.Kg3 Rb8 40.Rh7+ Kg8  1/2-1/2

[Event "Mondariz op"]
[Site "Mondariz"]
[Date "1996.??.??"]
[Round "?"]
[White "Arencibia, Walter"]
[Black "Gonzalez, Raul"]
[Result "1-0"]
[WhiteElo "2555"]
[BlackElo "2450"]

1.d4 d5 2.c4 c6 3.Nc3 Nf6 4.Nf3 dxc4 5.a4 Bf5 6.Nh4 Bd7 7.e3 e6 8.Bxc4 Be7
9.Nf3 O-O 10.e4 a5 11.O-O Na6 12.Qe2 Nb4 13.Bg5 Be8 14.Rad1 Ra7 15.Rfe1 b6
16.h3 Qc8 17.Ne5 Qd8 18.Be3 Rb7 19.f3 Qb8 20.Qf2 Nd7 21.Bf4 Nxe5 22.Bxe5 Bd6
23.Bxd6 Qxd6 24.f4 Qb8 25.f5 b5 26.Bb3 bxa4 27.Nxa4 exf5 28.Nc5 Rb6 29.exf5 Nd5
30.Qf3 a4 31.Bxa4 Rxb2 32.Re4 Rb1 33.Rxb1 Qxb1+ 34.Kh2 Nf6 35.Re5 Qb4 36.Qf4 Nd5
37.Qh4 Nf6 38.Bb3 h6 39.Re7 Kh8 40.Qf4 Kh7 41.Rb7 Qe1 42.Qe5 Qf2 43.Bc4 Kh8
44.Ne4 Qh4 45.Nxf6 gxf6 46.Qd6 Kg7 47.Qg3+ Qg5 48.h4 Qxg3+ 49.Kxg3 h5 50.Be2 Kh6
51.Bf3 Rh8 52.Kf4 Kg7 53.Ke3 Kh6 54.Kd3  1-0

[Event "Moscow-ch"]
[Site "Moscow"]
[Date "1996.??.??"]
[Round "3"]
[White "Hachatrian, Vahagn"]
[Black "Kekov, Alexandr"]
[Result "1/2-1/2"]
[WhiteElo "2340"]
[BlackElo "2370"]

1.Nf3 d5 2.d4 Nf6 3.c4 c6 4.Nc3 dxc4 5.a4 Bf5 6.Ne5 e6 7.f3 Bb4 8.e4 Bxe4
9.fxe4 Nxe4 10.Bd2 Qxd4 11.Nxe4 Bxd2+ 12.Qxd2 Qxe5 13.O-O-O O-O 14.Qd4 Qf4+
15.Kb1 b5 16.g3 Qf3 17.Bh3 Na6 18.axb5 cxb5 19.Rhf1 Qh5 20.Bg4 Qg6 21.Bf3 Nb4
22.h4 h6 23.h5 Qh7 24.Qc5 Nd3 25.Rxd3 Rac8 26.Qe7 cxd3 27.Nd6 Rc4 28.Qb7 Rd4
29.Be4 Rxe4 30.Qxe4 Qxe4 31.Nxe4 Rd8 32.Kc1 f5 33.Nc5 Rc8 34.b4 a5 35.Kd2 Kf7
36.Nxd3 axb4 37.Rb1 Kf6 38.Rxb4 Rb8 39.Ke3 e5 40.g4 Rb6 41.gxf5 Kxf5 42.Re4 Re6
43.Kf3 Kg5 44.Nf4 Re8 45.Re1 b4 46.Rg1+ Kf5 47.Nd5 e4+ 48.Ke3 b3 49.Rxg7 Rb8
50.Rg1 b2 51.Nc3 Rc8 52.Kd2 e3+ 53.Kc2 Rb8 54.Kb1 Rb3 55.Kc2 Rb4 56.Kd3 Rh4
57.Ne2 Rb4 58.Nc3 Rg4 59.Rf1+ Rf4 60.Rg1 Rg4 61.Rf1+ Rf4 62.Rb1 Rf2 63.Ne2 Kg4
64.Kxe3 Rf3+ 65.Kd2 Rb3 66.Kc2 Rb8 67.Rg1+ Kxh5 68.Nf4+ Kh4 69.Rb1 Kg4 70.Nd3 h5
71.Nxb2 h4 72.Rg1+ Kf3 73.Nd3 h3 74.Ne1+ Kf2 75.Rh1 Rh8 76.Kd2 h2 77.Kd3 Rh4
78.Kd2 Rh3 79.Kd1 Rh8 80.Kd2 Rd8+ 81.Kc2 Kg3 82.Nf3  1/2-1/2

[Event "Moscow-ch"]
[Site "Moscow"]
[Date "1996.??.??"]
[Round "4"]
[White "Zaitsev, Mikhail"]
[Black "Loginov, Anton"]
[Result "1/2-1/2"]
[WhiteElo "2255"]
[BlackElo "2275"]

1.d4 d5 2.c4 dxc4 3.Nf3 Nf6 4.Nc3 c6 5.a4 Bf5 6.Bg5 Ne4 7.Bd2 e6 8.Nxe4 Bxe4
9.e3 Nd7 10.Bxc4 Bd6 11.O-O O-O 12.Bc3 Qc7 13.h3 Nf6 14.Nd2 Bg6 15.Qe2 Bh5
16.g4 Bg6 17.e4 Bf4 18.e5 Nd5 19.Bxd5 cxd5 20.Qf3 Bxd2 21.Bxd2 Qc2 22.Bc3 Rac8
23.Rfc1 Qd3 24.Qxd3 Bxd3  1/2-1/2

[Event "RUS-Cup2"]
[Site "Moscow"]
[Date "1996.??.??"]
[Round "7"]
[White "Notkin, Maksim"]
[Black "Minasian, Ara"]
[Result "1-0"]
[WhiteElo "2520"]
[BlackElo "2425"]

1.d4 d5 2.c4 c6 3.Nc3 Nf6 4.Nf3 dxc4 5.a4 Bf5 6.e3 e6 7.Bxc4 Bb4 8.O-O Nbd7
9.Qe2 Bg4 10.Rd1 Nb6 11.Bb3 Bxc3 12.bxc3 Ne4 13.Qd3 Bf5 14.Qc2 Nd5 15.Re1 Ndxc3
16.Ba3 Nd5 17.Ne5 Nef6 18.e4 Nxe4 19.Rxe4 Nf6 20.Rae1 Nxe4 21.Rxe4 h5 22.Nc4 Qf6
23.Nd6+ Kd7 24.Nxb7 Rhc8 25.Nc5+ Ke8 26.Qc3 Bxe4 27.Nxe4 Qg6 28.Bc2 f5 29.Nd6+ Kd7
30.Nxc8 Rxc8 31.Qc5 Rc7 32.Qd6+ Kc8 33.Bd3 Qe8 34.Ba6+ Kb8 35.Qe5 c5 36.Bb5 Qc8
37.Bxc5 Ka8 38.Be2  1-0

[Event "Naantali op"]
[Site "Naantali"]
[Date "1996.??.??"]
[Round "5"]
[White "Paasikangas, Johanna"]
[Black "Fieandt, John"]
[Result "1/2-1/2"]
[WhiteElo "2200"]
[BlackElo "2220"]

1.d4 d5 2.c4 c6 3.Nc3 Nf6 4.Nf3 dxc4 5.a4 Bf5 6.e3 e6 7.Bxc4 Bb4 8.O-O Nbd7
9.Bd2 O-O 10.e4 Bg4 11.e5 Nd5 12.Bd3 Be7 13.h3 Bh5 14.Nxd5 cxd5 15.a5 f6
16.exf6 Nxf6 17.Be2 Ne4 18.Be3 a6 19.Ne5 Bxe2 20.Qxe2 Bb4 21.Qg4 Qe7 22.Nd3 Bd6
23.Rab1 Rac8 24.b4 Rc4 25.Nc5 Nxc5 26.bxc5 Bxc5 27.Rfe1 Bb4 28.Re2 Bxa5 29.Bg5 Qf7
30.Qxe6 h6 31.Qxf7+ Rxf7 32.Be7 Bc7 33.Bc5 b5 34.g3 Kh7 35.Rb3 Rf6 36.Ra2 Rc6
37.Kg2 Bd6 38.Rba3 b4 39.Rxa6 Rxa6 40.Rxa6 Bxc5 41.dxc5 Rxc5 42.Rb6 Rc4 43.h4 d4
44.Kf3 d3 45.Ke3 Rd4 46.Kd2 h5 47.f3 Kg8 48.Rb7 Kf8 49.Rc7 g6 50.Rb7 Ke8  1/2-1/2

[Event "JUG-chT"]
[Site "Niksic"]
[Date "1996.??.??"]
[Round "?"]
[White "Ristic, Nenad"]
[Black "Matulovic, Milan"]
[Result "1/2-1/2"]
[WhiteElo "2445"]
[BlackElo "2420"]

1.d4 d5 2.Nf3 Nf6 3.c4 dxc4 4.Nc3 c6 5.a4 Bf5 6.Ne5 Nbd7 7.Nxc4 Nb6 8.Ne5 Nbd5
9.f3 Nxc3 10.bxc3 Nd7 11.e4 Be6 12.Nxd7 Bxd7 13.Rb1 b6 14.Bf4 e6 15.Be5 Qg5
16.Kf2 Be7 17.Ba6 O-O 18.h4 Qh6 19.g3 f6 20.Bf4 Qg6 21.a5 e5 22.Bc4+ Kh8
23.h5 Qe8 24.Be3 b5 25.Be2 Bd8 26.h6 g6 27.Ra1 Bc7 28.Kg2 Qe7 29.dxe5 Bxe5
30.Bd4 Rad8 31.Qc1 c5 32.Bf2 Bc6 33.Qe3 Bd6 34.Rhd1 a6 35.Rd2 Bc7 36.Rxd8 Rxd8
37.Qxc5 Qxc5 38.Bxc5 Rd2 39.Kf2 Kg8 40.Ke3 Rc2 41.Bd4 Bxg3 42.Kd3 Rb2 43.c4 bxc4+
44.Ke3 Rb3+ 45.Kd2 Bb5 46.Kc2 Be5 47.Bxe5 fxe5 48.Ra4 Kf8 49.Bxc4 Bxa4 50.Bxb3 Bxb3+
51.Kxb3 Ke7 52.Kc4 Kd6 53.Kb4  1/2-1/2

[Event "JUG-chT"]
[Site "Niksic"]
[Date "1996.??.??"]
[Round "?"]
[White "Ivanisevic, Ivan"]
[Black "Lekic, Dusan"]
[Result "1-0"]
[WhiteElo "2300"]
[BlackElo "2410"]

1.d4 d5 2.c4 c6 3.Nf3 Nf6 4.Nc3 dxc4 5.a4 Bf5 6.Ne5 e6 7.f3 Bb4 8.Bg5 h6
9.Bh4 c5 10.dxc5 Qxd1+ 11.Kxd1 Nbd7 12.Nxd7 Nxd7 13.e4 Bh7 14.c6 bxc6 15.Bxc4 O-O
16.a5 g5 17.Bg3 Rfe8 18.Kc2 f5 19.Rhe1 Nf6 20.Be5 Kf7 21.exf5 Bxf5+ 22.Kb3 Bf8
23.Ba6 Re7 24.Ra4 Nd5 25.Ne4 Bg7 26.Nd6+ Kg6 27.Bxg7 Rb8+ 28.Ka3 Bc2 29.Rc1 Bxa4
30.Be5 Bb5 31.Nxb5 Rxb5 32.Bxb5 cxb5 33.Rc6 Kf5 34.Bd4 e5 35.Bc5 Rc7 36.Rxc7 Nxc7
37.Bxa7 Na6 38.Kb3 h5 39.Kc3 h4 40.Be3  1-0

[Event "JUG-chT"]
[Site "Niksic"]
[Date "1996.??.??"]
[Round "?"]
[White "Brkljaca, Ante"]
[Black "Lekic, Dusan"]
[Result "1/2-1/2"]
[WhiteElo "2320"]
[BlackElo "2410"]

1.d4 Nf6 2.Nf3 d5 3.c4 c6 4.Nc3 dxc4 5.a4 Bf5 6.e3 e6 7.Bxc4 Bb4 8.O-O O-O
9.Qe2 Bg6 10.Ne5 Nbd7 11.Nxg6 hxg6 12.Rd1 Qa5 13.Bd2 Nb6 14.Bb3 Rad8 15.Be1 Rd7
16.Rac1 Qh5  1/2-1/2

[Event "JUG-ch op"]
[Site "Nis"]
[Date "1996.??.??"]
[Round "10"]
[White "Stanojevic, Branko"]
[Black "Lekic, Dusan"]
[Result "1-0"]
[WhiteElo "2360"]
[BlackElo "2420"]

1.d4 d5 2.c4 c6 3.Nf3 Nf6 4.Nc3 dxc4 5.a4 Bf5 6.e3 e6 7.Bxc4 Bb4 8.O-O O-O
9.Na2 Bd6 10.b4 Nbd7 11.Bb2 Bg4 12.Be2 Bxf3 13.Bxf3 e5 14.b5 e4 15.Be2 Re8
16.bxc6 bxc6 17.Qc2 Qc7 18.h3 Nd5 19.Rfc1 Re6 20.Bg4 Rh6 21.Nc3 Nxc3 22.Bxc3 Nf6
23.Be2 Qe7 24.Ba5 Nd5 25.Qxc6 Bh2+ 26.Kxh2 Rxc6 27.Rxc6 Nb4 28.Bxb4 Qxb4
29.Rac1 h6 30.Bb5 f5 31.g3 Kh7 32.Rc7 a6 33.Bd7 Rf8 34.R1c5 f4 35.gxf4 Qe1
36.Kg2 Qd1 37.Bg4 Qxa4 38.Re5 Qa2 39.Ree7 Qg8 40.Be6  1-0

[Event "BCF-ch"]
[Site "Nottingham"]
[Date "1996.??.??"]
[Round "8"]
[White "Sadler, Matthew"]
[Black "Ferguson, Mark"]
[Result "1-0"]
[WhiteElo "2615"]
[BlackElo "2385"]

1.d4 d5 2.c4 c6 3.Nf3 Nf6 4.Nc3 dxc4 5.a4 Bf5 6.Ne5 e6 7.f3 Bb4 8.e4 Bxe4
9.fxe4 Nxe4 10.Bd2 Qxd4 11.Nxe4 Qxe4+ 12.Qe2 Bxd2+ 13.Kxd2 Qd5+ 14.Kc2 Na6
15.Nxc4 O-O-O 16.Qe3 Kb8 17.Be2 Ka8 18.g4 Qd7 19.Rad1 Nb4+ 20.Kb1 Nd5 21.Qa3 Qc7
22.a5 Kb8 23.a6 b6 24.Bf3 Rhe8 25.Rhe1 f6 26.Qb3 Ka8 27.h4 b5 28.Ne3 Qa5
29.Nxd5 exd5 30.Rxe8 Rxe8 31.Rxd5 Kb8 32.Rd6 Qxa6 33.Bxc6 Re4 34.Rd8+ Kc7
35.Rd7+  1-0

[Event "Oberwart op"]
[Site "Oberwart"]
[Date "1996.??.??"]
[Round "2"]
[White "Cvitan, Ognjen"]
[Black "Stanka, Wolfgang"]
[Result "1-0"]
[WhiteElo "2535"]
[BlackElo "2220"]

1.d4 d5 2.Nf3 Nf6 3.c4 c6 4.Nc3 dxc4 5.a4 Bf5 6.Nh4 Bg4 7.h3 Bh5 8.g4 Bg6
9.Nxg6 hxg6 10.e3 e5 11.Bxc4 exd4 12.exd4 Qe7+ 13.Be3 Nbd7 14.a5 Rh4 15.Qf3 Qb4
16.Ra4 Qxb2 17.Bg5 Bb4 18.O-O Qxc3 19.Qxc3 Bxc3 20.Bxh4 b5 21.axb6 Nxb6 22.Ra3 Bxd4
23.Ba2 Kf8 24.Bg5 Ne4 25.Be3 c5 26.Bxd4 cxd4 27.Rb1 Rd8 28.Rxa7 Nd7 29.h4 Ne5
30.f4 Nf3+ 31.Kg2 Nxh4+ 32.Kf1 Ng3+ 33.Ke1 d3 34.Rxf7+ Ke8 35.Rbb7 d2+ 36.Kd1 Ra8
37.Rxg7  1-0

[Event "Oberwart op"]
[Site "Oberwart"]
[Date "1996.??.??"]
[Round "9"]
[White "Sulava, Nenad"]
[Black "Wadsack, W."]
[Result "1-0"]
[WhiteElo "2430"]
[BlackElo "2225"]

1.Nf3 d5 2.d4 Nf6 3.c4 dxc4 4.Nc3 c6 5.a4 Bf5 6.Nh4 Bg4 7.h3 Bh5 8.g4 Bg6
9.Nxg6 hxg6 10.e3 e6 11.Bxc4 Bb4 12.Kf1 Nbd7 13.Kg2 Qe7 14.a5 g5 15.e4 Bxc3
16.bxc3 Nxe4 17.Qf3 Nd6 18.Ba3 c5 19.Bd3 Rc8 20.Rae1 Rh6 21.Qg3 b6 22.Rhf1 Nf6
23.c4 Nd7 24.Re2 Kf8 25.f4 gxf4 26.Rxf4 Rf6 27.Rxf6 Nxf6 28.Qh4 Qb7+ 29.Kf2 Qh1
30.g5 Qh2+ 31.Ke1 Qg1+ 32.Kd2 Ng8 33.Qf4 Ke7 34.dxc5 bxc5 35.Bb2 Rd8 36.Bxg7 Ke8
37.Kc2 Kd7 38.Be5 Rb8 39.Bxd6 Qb1+ 40.Kd2 Rb2+ 41.Ke3 Qc1+ 42.Kf2  1-0

[Event "RUS-Cup3"]
[Site "Omsk"]
[Date "1996.??.??"]
[Round "2"]
[White "Sherbakov, Vitaly S"]
[Black "Bezgodov, Alexei"]
[Result "1/2-1/2"]
[WhiteElo "2370"]
[BlackElo "2490"]

1.d4 d5 2.Nf3 Nf6 3.c4 c6 4.Nc3 dxc4 5.a4 Bf5 6.e3 e6 7.Bxc4 Bb4 8.O-O Nbd7
9.Qe2 Bg6 10.Rd1 Qa5 11.Bd2 Qh5 12.Bd3 Bxd3 13.Qxd3 O-O 14.Ne4 Bxd2 15.Nexd2 e5
16.dxe5 Nxe5 17.Qd6 Rfe8 18.Nxe5 Qxe5 19.Qxe5 Rxe5 20.Nc4 Re6 21.Rac1 Nd5
22.Na5 Re7 23.Rd4 g6 24.g4 Kg7 25.Kg2 Rf8 26.b4 Nb6 27.b5 cxb5 28.axb5 Rc8
29.Rxc8 Nxc8 30.Rd8 Rc7 31.Nxb7 Rxb7 32.Rxc8 Rxb5 33.Rc7 a5 34.Ra7 Rb4 35.Kg3 Ra4
36.h4 Ra1 37.e4 a4 38.e5 a3 39.Kf4 a2 40.f3 h6 41.Ra8 Kh7 42.Ra3 Kg8 43.Ra8+ Kg7
44.Ra3 Kf8 45.Ra7 Ke8 46.h5 g5+ 47.Kf5 Rf1 48.Rxa2 Rxf3+ 49.Ke4 Rf4+  1/2-1/2

[Event "RUS-chT"]
[Site "Orel"]
[Date "1996.??.??"]
[Round "?"]
[White "Fetisov, V."]
[Black "Namgilov, Sogto"]
[Result "0-1"]
[WhiteElo "2290"]
[BlackElo "2425"]

1.d4 Nf6 2.c4 c6 3.Nc3 d5 4.Nf3 dxc4 5.a4 Bf5 6.e3 e6 7.Bxc4 Bb4 8.O-O Nbd7
9.Qe2 O-O 10.e4 Bg4 11.Rd1 Qa5 12.e5 Nd5 13.Ne4 Bh5 14.Bd3 Be7 15.Neg5 Bxg5
16.Bxg5 Bg6 17.Bxg6 hxg6 18.Bd2 Qb6 19.Ng5 Rae8 20.Bc1 c5 21.Qb5 Qc7 22.Qc4 Qc6
23.dxc5 Nxe5 24.Qe4 Qxc5  0-1

[Event "RUS-chT"]
[Site "Orel"]
[Date "1996.??.??"]
[Round "?"]
[White "Tunik, Gennady"]
[Black "Maiorov, Oleg"]
[Result "1-0"]
[WhiteElo "2475"]
[BlackElo "2420"]

1.d4 Nf6 2.Nf3 d5 3.c4 c6 4.Nc3 dxc4 5.a4 Bf5 6.Ne5 e6 7.f3 Bb4 8.e4 Bxe4
9.fxe4 Nxe4 10.Bd2 Qxd4 11.Nxe4 Qxe4+ 12.Qe2 Bxd2+ 13.Kxd2 Qd5+ 14.Kc3 O-O
15.Nxc4 b5 16.Ne5 Qc5+ 17.Kd2 Rd8+ 18.Nd3 Rd4 19.Qe3 Na6 20.Rc1 Qb4+ 21.Ke2 Qxa4
22.Kf3 Rad8 23.Rxc6 e5 24.Kf2 f6 25.Be2 Rxd3 26.Bxd3 Nb4 27.Bxh7+ Kxh7 28.Rc3 Nd3+
29.Kg3 Nf4 30.Rf1 Rd4 31.h3 Re4 32.Qf3 Re2 33.Rf2 Re1 34.Kh2 Qa1 35.Kg3 g6
36.Qa8 Nh5+ 37.Kh4 Qa4+ 38.g4 f5 39.Rc7+ Ng7 40.Qf8  1-0

[Event "RUS-chT"]
[Site "Orel"]
[Date "1996.??.??"]
[Round "?"]
[White "Mochalov, Evgeny V"]
[Black "Namgilov, Sogto"]
[Result "1/2-1/2"]
[WhiteElo "2515"]
[BlackElo "2425"]

1.d4 d5 2.c4 c6 3.Nf3 Nf6 4.Nc3 dxc4 5.a4 Bf5 6.Ne5 e6 7.f3 Bb4 8.Nxc4 O-O
9.Bg5 h6 10.Bh4 c5 11.dxc5 Qxd1+ 12.Kxd1 Rd8+ 13.Kc1 Na6 14.e4 Bh7 15.Be2 Nxc5
16.Kc2 g5 17.Bf2 Nd5 18.Rhd1 Rac8 19.Bxc5 Bxc5 20.Kb3 Nxc3 21.bxc3 Kf8 22.Rxd8+ Rxd8
23.Rd1 Ke7 24.Na5 Rb8 25.Bb5 Bd6 26.h3 a6 27.Bd3 Bc7 28.Kb4 Bg6 29.c4 Kf6
30.Be2 Bg3 31.c5 b6 32.Nc4 bxc5+ 33.Kxc5 Bf2+ 34.Kc6 Rb4 35.a5 Rb5  1/2-1/2

[Event "RUS-chT"]
[Site "Orel"]
[Date "1996.??.??"]
[Round "?"]
[White "Shtyrenkov, Veniamen"]
[Black "Namgilov, Sogto"]
[Result "1/2-1/2"]
[WhiteElo "2465"]
[BlackElo "2425"]

1.d4 d5 2.c4 c6 3.Nf3 Nf6 4.Nc3 dxc4 5.a4 Bf5 6.Ne5 e6 7.f3 Bb4 8.Nxc4 O-O
9.Bg5 h6 10.Bh4 c5 11.dxc5 Qxd1+ 12.Rxd1 Bc2 13.Rd2 Bb3 14.e4 Na6 15.Bf2 Nxc5
16.Bxc5 Bxc5 17.Na5 Bxa4 18.Nxb7 Bb4 19.Nxa4 a5 20.Nbc5 Rfd8 21.Nd3 Bxd2+
22.Kxd2 Nd7 23.Be2 Ne5 24.Rc1 Rab8 25.Rc3 Kf8 26.Kc2 Nxd3 27.Bxd3 g5 28.b3 h5
29.Nb2 Kg7 30.Nc4 Rb5 31.Kd2 Kf6 32.Ke3 Rc5 33.Rc1 Rb8 34.Kd4 Rcb5 35.Bc2 Rd8+
36.Kc3 Ke7  1/2-1/2

[Event "Pamplona op"]
[Site "Pamplona"]
[Date "1996.??.??"]
[Round "?"]
[White "Komljenovic, Davor"]
[Black "Iruzubieta, Jesus Maria"]
[Result "1-0"]
[WhiteElo "2475"]
[BlackElo "2400"]

1.d4 d5 2.c4 c6 3.Nf3 Nf6 4.Nc3 dxc4 5.a4 Bf5 6.Ne5 e6 7.f3 Bb4 8.e4 Bxe4
9.fxe4 Nxe4 10.Bd2 Qxd4 11.Nxe4 Qxe4+ 12.Qe2 Bxd2+ 13.Kxd2 Qd5+ 14.Kc2 Na6
15.Nxc4 O-O-O 16.Qe3 c5 17.Be2 Qxg2 18.Rhg1 Qxh2 19.Rxg7 Nb4+ 20.Kb3 Nc6
21.Bf3 Nd4+ 22.Ka2 Qc2 23.Na3 Qxa4 24.Rc1 Qa5 25.Rxf7 Rd6 26.Qe5  1-0

[Event "Komercni Banka op"]
[Site "Pardubice"]
[Date "1996.??.??"]
[Round "2"]
[White "Capek, Ivan"]
[Black "Svatos, Jan"]
[Result "0-1"]
[WhiteElo "2145"]
[BlackElo "2245"]

1.Nf3 d5 2.d4 Nf6 3.c4 c6 4.Nc3 dxc4 5.a4 Bf5 6.e3 e6 7.Bxc4 Bb4 8.O-O O-O
9.Qe2 Ne4 10.Nxe4 Bxe4 11.Bd3 Qd5 12.Bxe4 Qxe4 13.Ng5 Qd5 14.f4 Nd7 15.Rd1 f5
16.e4 fxe4 17.Qxe4 Qxe4 18.Nxe4 h6 19.g3 Nf6 20.Nxf6+ Rxf6 21.Be3 Rf5 22.Rac1 Rd5
23.Kf1 Rad8 24.Ke2 Kf7 25.Rf1 Be7 26.Rc4 Bf6 27.Rd1 R8d7 28.Rd2 g5 29.fxg5 hxg5
30.Rc5 Rxc5 31.dxc5 Rxd2+ 32.Bxd2 Kg6 33.b4 g4 34.Kd3 Kf5 35.b5 Be7 36.bxc6 bxc6
37.Kc4 Ke4 38.Ba5 Bg5 39.Bc3 Be3 40.a5 a6  0-1

[Event "Komercni Banka op"]
[Site "Pardubice"]
[Date "1996.??.??"]
[Round "3"]
[White "Mochalov, Evgeny V"]
[Black "Hasangatin, Ramil"]
[Result "0-1"]
[WhiteElo "2465"]
[BlackElo "2380"]

1.d4 d5 2.c4 c6 3.Nf3 Nf6 4.Nc3 dxc4 5.a4 Bf5 6.Ne5 e6 7.f3 Bb4 8.Nxc4 O-O
9.Bg5 h6 10.Bh4 c5 11.dxc5 Qxd1+ 12.Rxd1 Bc2 13.Rd2 Bb3 14.e4 Nbd7 15.Bf2 Rfd8
16.Nd6 Nxc5 17.Bxc5 Bxc5 18.Bc4 Bxa4 19.Nxb7 Rxd2 20.Kxd2 Bb4 21.Ra1 Be8
22.Kc2 a5 23.Na2 Be7 24.Nc3 a4 25.e5 Nd7 26.Bb5 Nxe5 27.Bxe8 Rxe8 28.Rxa4 Nc6
29.Rc4 Nb4+ 30.Kb1 Rb8 31.Rc7 Kf8 32.Nc5 Bd6 33.Nd7+ Ke8 34.Ra7 Nc6 35.Nxb8 Nxa7
36.Na6 Kd7 37.b4 Kc6 38.h3 Kb6 39.Ne4 Be7 40.Nac5 f5 41.Ng3 Bxc5 42.bxc5+ Kxc5
43.Nh5 g5 44.Kc2 Kd4 45.Kd2 Nc6 46.Ke2 Nb4 47.h4 gxh4 48.Nf4 Ke5 49.Ng6+ Kf6
50.Nxh4 Kg5 51.g3 f4 52.Kf2 Nd3+ 53.Kg2 fxg3  0-1